00545cam a2200157 a 4500001000800000005001700008008004100025040001800066082001900084245013900103260006600242300001700308500001700325650001800342700002700360253787820240328060115.0930514s1992 ce b 000 0 eng  aDLCcDLCdDLC00a327.220bPOL.00aPolitical change after the cold war :bproblems of the nation state and international relations in Europe and Asia /cUlrich Everding. aColombo :bGoethe-Institut, German Cultural Institute,c1992. aii, 124 p. ; aCover title. 0aNation-state.1 aEverding, Ulrich.eedt